Fundamentos de Ingeniería Bioquímica
Gespeichert in:
| 1. Verfasser: | |
|---|---|
| Weitere Verfasser: | , |
| Format: | Buch |
| Sprache: | Spanisch |
| Veröffentlicht: |
Valparaíso
Universitarias
2002
|
| Ausgabe: | 3a. ed |
| Schriftenreihe: | Archivos de Ingeniería Bioquímica
|
| Schlagworte: | |
| Online-Zugang: | Disponible Online |
| Tags: |
Tag hinzufügen
Keine Tags, Fügen Sie den ersten Tag hinzu!
|
MARC
| LEADER | 00000cam a2200000 a 4500 | ||
|---|---|---|---|
| 001 | UCD0198 | ||
| 003 | CL-VaPUC | ||
| 005 | 20240509160844.0 | ||
| 008 | 151120e20020000cl |||||||||||||||||spa|d | ||
| 999 | |c 361813 |d 361811 | ||
| 020 | |a 9789561703254 | ||
| 040 | |c Pontificia Universidad Católica de Valparaíso | ||
| 082 | 0 | 4 | |a 660.63 |b ACE |2 21 |
| 100 | |a Acevedo Bonzi, Luis Fernando |e autor |9 758705 | ||
| 245 | 1 | 0 | |a Fundamentos de Ingeniería Bioquímica |
| 250 | |a 3a. ed | ||
| 260 | |a Valparaíso |b Universitarias |c 2002 | ||
| 300 | |a 290 p | ||
| 490 | 0 | |a Archivos de Ingeniería Bioquímica | |
| 583 | |a last modification |c 20151120 13:39:00 |k Rodrigo Vera | ||
| 650 | 0 | |a Ingeniería bioquímica |9 260241 | |
| 650 | 0 | |a Cinética |9 260943 | |
| 650 | 0 | |a Reacciones químicas |9 259438 | |
| 700 | |a Gentina Morales, Juan Carlos |e autor |9 618487 | ||
| 700 | |a Illanes Frontaura, Andrés Juan |e autor |9 574795 | ||
| 852 | |a BIBCUR | ||
| 856 | |u http://bibliografiaobligatoria.pucv.cl.pucv.idm.oclc.org/index.php/bibliotecapucv/catalog/book/94 |y Disponible Online | ||
| 942 | |c BK |2 ddc | ||
| 945 | |d 20151120 13:39:00 |a dcastane | ||
| 952 | |0 0 |1 0 |3 erb |4 0 |6 660_630000000000000_ACE_2002 |7 0 |8 A |9 472499 |a BIBING |b BIBING |i 5251516 |l 1 |o 660.63 ACE 2002 |p 5251516 |r 2025-01-20 |s 2023-11-28 |w 2019-11-24 |y BK |z Catalogado en:20151120 |k EIB | ||
| 952 | |0 0 |1 0 |3 erb |4 0 |6 660_630000000000000_ACE_2002 |7 0 |8 A |9 472500 |a BIBING |b BIBING |i 5251508 |o 660.63 ACE 2002 |p 5251508 |r 2025-01-20 |w 2019-11-24 |y BK |z Catalogado en:20151120 |k EIB | ||
| 952 | |0 0 |1 0 |3 erb |4 0 |6 660_630000000000000_ACE_2002 |7 0 |8 A |9 472501 |a BIBING |b BIBING |i 5251494 |l 3 |m 1 |o 660.63 ACE 2002 |p 5251494 |r 2025-01-20 |s 2023-09-08 |w 2019-11-24 |y BK |z Catalogado en:20151120 |k EIB | ||
| 952 | |0 0 |1 0 |3 erb |4 0 |6 660_630000000000000_ACE_2002 |7 0 |8 A |9 472502 |a BIBING |b BIBING |i 5251486 |l 4 |o 660.63 ACE 2002 |p 5251486 |r 2025-01-20 |s 2023-09-08 |w 2019-11-24 |y BK |z Catalogado en:20151120 |k EIB | ||
| 952 | |0 0 |1 0 |3 erb |4 0 |6 660_630000000000000_ACE_2002 |7 0 |8 A |9 472503 |a BIBING |b BIBING |i 5251478 |l 1 |o 660.63 ACE 2002 |p 5251478 |r 2025-01-20 |s 2024-03-12 |w 2019-11-24 |y BK |z Catalogado en:20151120 |k EIB | ||
| 952 | |0 0 |1 0 |3 erb |4 0 |6 660_630000000000000_ACE_2002 |7 0 |8 A |9 472504 |a BIBING |b BIBING |i 525146K |l 4 |o 660.63 ACE 2002 |p 525146K |r 2025-01-20 |s 2024-04-01 |w 2019-11-24 |y BK |z Catalogado en:20151120 |k EIB | ||
| 952 | |0 0 |1 0 |3 erb |4 0 |6 660_630000000000000_ACE_2002 |7 0 |8 A |9 472505 |a BIBING |b BIBING |i 5251451 |l 2 |m 1 |o 660.63 ACE 2002 |p 5251451 |r 2025-01-20 |s 2022-04-20 |w 2019-11-24 |y BK |z Catalogado en:20151120 |k EIB | ||
| 952 | |0 0 |1 0 |3 erb |4 0 |6 660_630000000000000_ACE_2002 |7 0 |8 A |9 472506 |a BIBING |b BIBING |i 5251443 |l 3 |m 2 |o 660.63 ACE 2002 |p 5251443 |r 2025-01-20 |s 2024-08-28 |w 2019-11-24 |y BK |z Catalogado en:20151120 |k EIB | ||
| 952 | |0 0 |1 0 |3 erb |4 0 |6 660_630000000000000_ACE_2002 |7 0 |8 A |9 472507 |a BIBING |b BIBING |i 5251435 |l 3 |m 3 |o 660.63 ACE 2002 |p 5251435 |r 2025-01-20 |s 2023-10-02 |w 2019-11-24 |y BK |z Catalogado en:20151120 |k EIB | ||
| 952 | |0 0 |1 0 |3 erb |4 0 |6 660_630000000000000_ACE_2002 |7 0 |8 A |9 472508 |a BIBING |b BIBING |i 5251427 |l 2 |m 1 |o 660.63 ACE 2002 |p 5251427 |r 2025-01-20 |s 2023-11-28 |w 2019-11-24 |y BK |z Catalogado en:20151120 |k EIB | ||
| 952 | |0 0 |1 0 |3 erb |4 0 |6 660_630000000000000_ACE_2002 |7 0 |8 A |9 472509 |a BIBING |b BIBING |i 5500362 |l 4 |o 660.63 ACE 2002 |p 5500362 |r 2025-01-20 |s 2024-11-21 |w 2019-11-24 |y BK |z Catalogado en:20180907 |k EIB | ||
| 952 | |0 0 |1 0 |3 erb |4 0 |6 660_630000000000000_ACE_2002 |7 0 |8 A |9 472510 |a BIBING |b BIBING |i 5500354 |l 10 |m 2 |o 660.63 ACE 2002 |p 5500354 |r 2025-01-20 |s 2024-09-05 |w 2019-11-24 |y BK |z Catalogado en:20180907 |k EIB | ||
| 952 | |0 0 |1 0 |3 erb |4 0 |6 660_630000000000000_ACE_2002 |7 0 |8 A |9 472511 |a BIBING |b BIBING |i 5500346 |l 6 |m 4 |o 660.63 ACE 2002 |p 5500346 |r 2025-01-20 |s 2024-09-03 |w 2019-11-24 |y BK |z Catalogado en:20180907 |k EIB | ||
| 952 | |0 0 |1 0 |3 erb |4 0 |6 660_630000000000000_ACE_2002 |7 0 |8 A |9 472512 |a BIBING |b BIBING |i 5500338 |l 4 |m 1 |o 660.63 ACE 2002 |p 5500338 |r 2025-01-20 |s 2024-10-08 |w 2019-11-24 |y BK |z Catalogado en:20180907 |k EIB | ||
| 952 | |0 0 |1 0 |3 erb |4 0 |6 660_630000000000000_ACE_2002 |7 0 |8 A |9 472513 |a BIBING |b BIBING |i 550032K |l 3 |o 660.63 ACE 2002 |p 550032K |r 2025-01-20 |s 2023-05-11 |w 2019-11-24 |y BK |z Catalogado en:20180907 |k EIB | ||
| 952 | |0 0 |1 0 |3 erb |4 0 |6 660_630000000000000_ACE_2002 |7 0 |8 A |9 472514 |a BIBING |b BIBING |i 5500311 |l 6 |o 660.63 ACE 2002 |p 5500311 |r 2025-01-20 |s 2023-06-28 |w 2019-11-24 |y BK |z Catalogado en:20180907 |k EIB | ||
| 952 | |0 0 |1 0 |3 erb |4 0 |6 660_630000000000000_ACE_2002 |7 0 |8 A |9 472515 |a BIBING |b BIBING |i 5500303 |l 7 |m 2 |o 660.63 ACE 2002 |p 5500303 |r 2025-01-20 |s 2023-09-08 |w 2019-11-24 |y BK |z Catalogado en:20180907 |k EIB | ||
| 952 | |0 0 |1 0 |3 erb |4 0 |6 660_630000000000000_ACE_2002 |7 0 |8 A |9 472516 |a BIBING |b BIBING |i 550029K |l 1 |o 660.63 ACE 2002 |p 550029K |r 2025-01-20 |s 2022-05-19 |w 2019-11-24 |y BK |z Catalogado en:20180907 |k EIB | ||